[Event "ARG-ch Seniors 65"]
[Site "Buenos Aires"]
[Date "2021.12.11"]
[Round "6"]
[White "Kovacec, Estanislao"]
[Black "Navarro, Alberto"]
[Result "1/2-1/2"]
[WhiteElo "1812"]
[BlackElo "1687"]
[PlyCount "69"]
[EventDate "2021.12.08"]
[EventType "swiss"]
[EventRounds "7"]
[EventCountry "ARG"]
[SourceTitle "CBM 205 Extra"]
[Source "ChessBase"]
[SourceDate "2022.01.31"]
[SourceVersion "1"]
[SourceVersionDate "2022.01.31"]
[SourceQuality "1"]

1. e4 e5 2. f4 d6 3. Nf3 Nc6 4. Bc4 Be7 5. 0-0 Nf6 6. Nc3 0-0 7. d3 exf4 8. Bxf4 Na5 9. Bb5 a6 10. Ba4 b5 11. Bb3 Nxb3 12. axb3 Bb7 13. Qd2 c5 14. Rae1 b4 15. Nd1 Nd7 16. c3 a5 17. d4 Re8 18. c4 cxd4 19. Nxd4 Nc5 20. Nf2 Bf8 21. Qc2 Qf6 22. Nf5 Qd8 23. Re3 Qb6 24. Kh1 Ne6 25. Rf3 Nxf4 26. Rxf4 g6 27. Ng3 Bg7 28. Ng4 Re7 29. Nf6+ Kh8 30. Nd5 Bxd5 31. cxd5 f5 32. R4f3 Rae8 33. h4 Qd4 34. Rf4 Qa7 35. h5 1/2-1/2

[Event "ARG-ch Seniors 65"]
[Site "Buenos Aires"]
[Date "2021.12.10"]
[Round "5"]
[White "Cavallo, Carlos Alberto"]
[Black "Kovacec, Estanislao"]
[Result "1-0"]
[WhiteElo "2011"]
[BlackElo "1812"]
[PlyCount "83"]
[EventDate "2021.12.08"]
[EventType "swiss"]
[EventRounds "7"]
[EventCountry "ARG"]
[SourceTitle "CBM 205 Extra"]
[Source "ChessBase"]
[SourceDate "2022.01.31"]
[SourceVersion "1"]
[SourceVersionDate "2022.01.31"]
[SourceQuality "1"]

1. e4 e5 2. Nf3 Nf6 3. Nc3 Bb4 4. Bc4 0-0 5. d3 Bxc3+ 6. bxc3 d5 7. exd5 Nxd5 8. 0-0 Nc6 9. Bb3 Re8 10. Qd2 Na5 11. Bxd5 Qxd5 12. c4 Nxc4 13. dxc4 Qxc4 14. Nxe5 Qb5 15. c4 Qa4 16. Bb2 Be6 17. Rfe1 f6 18. Nf3 Bxc4 19. Rxe8+ Qxe8 20. Qc3 Qf7 21. a4 c6 22. Re1 b5 23. Nd4 Qd5 24. Re7 a6 25. Qg3 Qg5 26. Qxg5 fxg5 27. Nf5 Bf7 28. Nd6 Rf8 29. Kf1 c5 30. Ke1 b4 31. Be5 c4 32. Nxf7 Rxf7 33. Re8+ Rf8 34. Rxf8+ Kxf8 35. Bd6+ Kf7 36. Bxb4 Ke6 37. Kd2 g6 38. Kc3 Kd5 39. Be7 h6 40. h3 Ke6 41. Bf8 h5 42. Kxc4 1-0

[Event "Monte Grande Valerio Lorenzi 2nd"]
[Site "Monte Grande"]
[Date "2015.05.20"]
[Round "6.6"]
[White "Kovacec, Estanislao"]
[Black "Gawel, Alfredo Juan"]
[Result "1/2-1/2"]
[WhiteElo "1750"]
[BlackElo "1722"]
[PlyCount "52"]
[EventDate "2015.05.08"]
[EventType "swiss"]
[EventRounds "7"]
[EventCountry "ARG"]
[SourceTitle "EXT 2024"]
[Source "ChessBase"]
[SourceDate "2023.10.10"]
[SourceVersion "1"]
[SourceVersionDate "2023.10.10"]
[SourceQuality "1"]

1. e4 e5 2. Nf3 Nc6 3. Bb5 Nf6 4. 0-0 d6 5. h3 Bd7 6. c3 Be7 7. Re1 0-0 8. d4 exd4 9. cxd4 Nxd4 10. Bxd7 Qxd7 11. Nxd4 h6 12. Nc3 Rfe8 13. Qf3 c6 14. Bf4 Nh7 15. Rad1 Bg5 16. e5 d5 17. Nde2 f6 18. Bg3 fxe5 19. Bxe5 Rf8 20. Qg3 Nf6 21. Bxf6 Bxf6 22. Nf4 Rfe8 23. Rxe8+ Rxe8 24. Nh5 Qf7 25. Nxf6+ Qxf6 26. Qc7 Qe7 1/2-1/2

[Event "Monte Grande Valerio Lorenzi 2nd"]
[Site "Monte Grande"]
[Date "2015.05.15"]
[Round "4.6"]
[White "Prieu, Gustavo"]
[Black "Kovacec, Estanislao"]
[Result "0-1"]
[WhiteElo "1835"]
[BlackElo "1750"]
[PlyCount "120"]
[EventDate "2015.05.08"]
[EventType "swiss"]
[EventRounds "7"]
[EventCountry "ARG"]
[SourceTitle "EXT 2024"]
[Source "ChessBase"]
[SourceDate "2023.10.10"]
[SourceVersion "1"]
[SourceVersionDate "2023.10.10"]
[SourceQuality "1"]

1. d4 Nf6 2. c4 e5 3. d5 Bc5 4. Nc3 d6 5. h3 Bf5 6. Nf3 Nbd7 7. g3 0-0 8. Bg2 a6 9. Nh4 Bg6 10. Nxg6 hxg6 11. e4 c6 12. 0-0 Nh5 13. Kh2 Qe8 14. Bf3 Ndf6 15. Qe2 b5 16. a3 bxc4 17. Qxc4 cxd5 18. Nxd5 Nxd5 19. Qxd5 Nf6 20. Qd3 Qc6 21. b4 Bd4 22. Rb1 Qb6 23. Be3 Bxe3 24. Qxe3 Qxe3 25. fxe3 d5 26. exd5 e4 27. Bg2 Rad8 28. b5 axb5 29. Rxb5 Nxd5 30. Rb3 f5 31. Rd1 Nc7 32. Rc1 Ne6 33. Rc6 Rf6 34. Rbb6 Kf7 35. Bf1 Rd2+ 36. Kg1 Ke7 37. Bc4 Nd8 38. Rc7+ Rd7 39. Rxd7+ Kxd7 40. Rxf6 gxf6 41. a4 Kd6 42. h4 Nc6 43. Kf2 Ne5 44. Bb5 Kc5 45. Be8 Kb4 46. Ke2 Ka5 47. Kd1 Ng4 48. Bxg6 Kxa4 49. Bxf5 Nxe3+ 50. Kd2 Nxf5 51. g4 Nxh4 52. Ke3 Kb5 53. Kxe4 Kc5 54. Kf4 Kd5 55. g5 f5 56. g6 Ke6 57. g7 Ng6+ 58. Kg5 Ne7 59. Kf4 Kf6 60. g8Q Nxg8 0-1